000
00334nam a2200133Ia 4500
003
GCL
008
140319s9999 xx 000 0 ara d
040
_a
GCL /
_c
GCL
082
0
4
_a
811.9
_b
س ذ
245
1
0
_a
ذئاب الليالى
260
_a
[S.N] :
_b
دار سعاد الصباح ،
_c
1993
300
_a
70 ص
490
_a
شعر
_v
0
999
_c
28784
_d
28784